| 000 | 00832nam a22002775a 4500 | ||
|---|---|---|---|
| 005 | 20150824154649.0 | ||
| 008 | 100907t2007 xxua|||frb||| 001 0 eng d | ||
| 010 | _a 2002038362 | ||
| 020 | _a0534407528 | ||
| 020 | _a9780495082477 | ||
| 020 | _a0495082473 | ||
| 040 |
_aEG-ScBUE _beng _cEG-ScBUE |
||
| 082 | 0 | 4 |
_a624.15 _bDAS _222 |
| 100 | 1 |
_aDas, Braja M., _918721 |
|
| 245 | 1 | 0 |
_aPrinciples of Foundation Engineering / _cBraja M. Das. |
| 250 | _a6th ed., International ed. | ||
| 260 |
_aToronto : _bThomson , _cc.2007. |
||
| 300 |
_axiv, 445p. : _bill. ; _c24 cm. |
||
| 500 | _aIndex : p. 441-445. | ||
| 504 | _aIncludes bibliographical references . | ||
| 590 | _adoaa mohamed | ||
| 650 | 0 |
_aFoundations. _918722 _2BUEsh |
|
| 651 | _2BUEsh | ||
| 653 |
_bENGGEN _cAugust2015 |
||
| 942 |
_cBB _k624.15 DAS _2ddc |
||
| 999 |
_c2595 _d2595 |
||